00343nam a2200145Ia 4500008004100000041000800041082001800049100002900067245003900096260002000135300001400155365001200169650000800181650000800189210719s2009 xx 000 0 und d akan a342.085K HERM aHEREKAL PRAHLADACHARYARU aMulabhuta hakkugalu: ondu samikshe aBengaluruc2009 ax,284bPB b150cRs aLaw aLaw